| 000 | 01040nam a22002057a 4500 | ||
|---|---|---|---|
| 999 |
_c22563 _d22563 |
||
| 003 | AR-CdUCM | ||
| 008 | 190423b ||||| |||| 00| 0 spa d | ||
| 020 | _a9786124699429 | ||
| 040 |
_aMUNICIPALIDAD PROVINCIAL DEL CUSCO _cBIBLIOTECA MUNICIPAL DEL CUSCO |
||
| 082 |
_aES/036/E52 _bE52 |
||
| 245 |
_aEnciclopedia temática ilustrada en la era de la globalización / _b[director editorial, Reinaldo Delgado F.] |
||
| 260 |
_aLima : _bEl Verbo Editores, _c2016. |
||
| 300 |
_a1408 páginas. : _bil. col., mapas, retrs. ; _c22 cm. |
||
| 500 | _a"Aritmética, álgebra, geometría, trigonometría, física, química, filosofía y ética, historia universal, geografía, gramática, literatura, biología, anatomía, biodiversidad, ecología y medio ambiente, biotecnología, informática y marketing, inglés, gran atlas regional del Perú"--Cubierta. | ||
| 650 |
_aEnciclopedias escolares _928418 |
||
| 650 |
_aEnciclopedias y diccionarios _926469 |
||
| 700 |
_aDelgado F., Reinaldo _edirector _948522 |
||
| 942 |
_2ddc _cLIBROS |
||
| 945 | _arac | ||